000 00350nam a2200145Ia 4500
008 150201s2010 xx 000 0 und d
082 _a617.525
_bL2010M
100 _aMALAMED,S.F.
245 _aHAND BOOK OF LOCAL ANESTHESIA
250 _a5TH
260 _bELSEVIER
_aDELHI
_c2010
300 _a1-400
650 _aORAL SURGERY
942 _2ddc
_cBK
_031
999 _c4524
_d4524